Political Parties of Italy - Statistics

General Stats
  • This quiz has been taken 42 times
  • The average score is 6 of 23
Answer Stats
Seats in Parliament (Hint) Answer % Correct
D: 117/400S: 66/200 Brothers of Italy (FDI)
88%
D: 66/400S: 29/200 Lega Nord/Lega Per Salvini Premier (LEGA)
85%
D: 48/400S: 20/200 Forza Italia (FI)
77%
D: 69/400S: 37/200 Democratic Party of Italy (PDI)
58%
D: 49/400S: 26/200 Five Star Movement (M5S)
58%
D: 10/400S: 2/200 Azione (AZIONE)
42%
D: 7/400S: 6/200 Italia Viva (IV)
42%
D: 4/400S: 2/200 Italian Left (SI)
31%
D: 3/400S: 2/200 South Tyrolean People's Party (SVP)
19%
D: 1/400S: 0/200 Italian Radicals (RI)
15%
D: 2/400S: 1/200 Coraggio Italia (CI)
12%
D: 5/400S: 1/200 Green Europe (EV)
12%
D: 1/400S: 0/200 South calls North (ScN)
12%
D: 1/400S: 1/200 Union of the Centre (UdC)
12%
D: 1/400S: 1/200 Associative Movement of Italians Abroad (MAIE)
8%
D: 0/400S: 1/200 Campobase (CAMPOBASE)
8%
D: 1/400S: 0/200 Democratic Centre (CD)
8%
D: 2/400S: 0/200 Italy in the Centre (IaC)
8%
D: 1/400S: 1/200 Valdostan Union (UV)
8%
D: 1/400S: 0/200 Christian Democracy with Rotondi (DCR)
4%
D: 1/400S: 0/200 New Italian Socialist Party (NPSI)
4%
D: 3/400S: 2/200 Us with Italy (NcI)
4%
D: 1/400S: 0/200 Solidarity Democracy (DemoS)
0%
No matching quizzes found
Score Distribution
Percent of People with Each Score
Percentile by Number Answered
Your Score History
You have not taken this quiz